Ekonomiko-matematičeskije metody v upravlenii proizvodstva
Enregistré dans:
| Format: | Livre |
|---|---|
| Langue: | russe |
| Publié: |
Novosibirsk
Nauka
1983
|
| Tags: |
Pas de tags, Soyez le premier à ajouter un tag!
|
MARC
| LEADER | 00000nam a2200000 4500 | ||
|---|---|---|---|
| 001 | c115762 | ||
| 005 | 20240909132850.1 | ||
| 041 | 0 | |a rus | |
| 044 | |a RU | ||
| 245 | 1 | 0 | |a Ekonomiko-matematičeskije metody v upravlenii proizvodstva |c Red. Nikolaj Borisovič Mironoseckij |
| 264 | 1 | |a Novosibirsk |b Nauka |c 1983 | |
| 300 | |a 190 s. | ||